000 01636cam a2200349 a 4500
999 _c234314
_d234314
001 15154865
003 Nust
005 20170317125246.0
008 080125s2008 iaua b 001 0 eng
010 _a 2008003568
020 _a9780813827568 (alk. paper)
020 _a81-8189-088-4
035 _a(OCoLC)ocn191697419
040 _cASAB
050 0 0 _aSF250.5
_b.D345 2008
070 0 _aSF250.5
_b.D345 2008
082 0 0 _a637.028
_222
245 0 0 _aDairy processing & Food processing plant maintenance
_cby S.N. Jha
246 3 _aDairy processing and quality assurance
300 _axii, 140 p. :
_bill. ;
_c27 cm.
504 _aIncludes bibliographical references and index.
650 0 _aDairy processing
_xQuality control.
650 0 _aDairy products
_xQuality control.
700 1 _aChandan, Ramesh C.
700 1 _aKilara, Arun.
700 1 _aShah, Nagendra P.
856 4 2 _3Contributor biographical information
_uhttp://www.loc.gov/catdir/enhancements/fy0814/2008003568-b.html
856 4 2 _3Publisher description
_uhttp://www.loc.gov/catdir/enhancements/fy0814/2008003568-d.html
856 4 1 _3Table of contents only
_uhttp://www.loc.gov/catdir/enhancements/fy0814/2008003568-t.html
906 _a7
_bcbc
_corignew
_d1
_eecip
_f20
_gy-gencatlg
942 _2ddc
_cBK